<?xml version="1.0" encoding="UTF-8"?>
<record
    xmlns:xsi="http://www.w3.org/2001/XMLSchema-instance"
    xsi:schemaLocation="http://www.loc.gov/MARC21/slim http://www.loc.gov/standards/marcxml/schema/MARC21slim.xsd"
    xmlns="http://www.loc.gov/MARC21/slim">

  <leader>00818nam a2200193Ia 4500</leader>
  <datafield tag="999" ind1=" " ind2=" ">
    <subfield code="c">39589</subfield>
    <subfield code="d">39589</subfield>
  </datafield>
  <controlfield tag="001">6189</controlfield>
  <controlfield tag="003">GE_BSU</controlfield>
  <controlfield tag="005">20190621145725.0</controlfield>
  <controlfield tag="008">181216s1979||||ge |||||||||||||| ||geo||</controlfield>
  <datafield tag="041" ind1=" " ind2=" ">
    <subfield code="a">geo</subfield>
  </datafield>
  <datafield tag="080" ind1=" " ind2=" ">
    <subfield code="a">621.1.016(075.8)  &#x10D2;-66</subfield>
  </datafield>
  <datafield tag="100" ind1=" " ind2=" ">
    <subfield code="a">&#x10D2;&#x10DD;&#x10DB;&#x10D4;&#x10DA;&#x10D0;&#x10E3;&#x10E0;&#x10D8;, &#x10D5;.</subfield>
    <subfield code="9">2727</subfield>
  </datafield>
  <datafield tag="245" ind1=" " ind2=" ">
    <subfield code="a">&#x10E2;&#x10D4;&#x10E5;&#x10DC;&#x10D8;&#x10D9;&#x10E3;&#x10E0;&#x10D8; &#x10D7;&#x10D4;&#x10E0;&#x10DB;&#x10DD;&#x10D3;&#x10D8;&#x10DC;&#x10D0;&#x10DB;&#x10D8;&#x10D9;&#x10D8;&#x10E1; &#x10E1;&#x10D0;&#x10E4;&#x10E3;&#x10EB;&#x10D5;&#x10DA;&#x10D4;&#x10D1;&#x10D8;  /</subfield>
    <subfield code="c">&#x10D5;. &#x10D2;&#x10DD;&#x10DB;&#x10D4;&#x10DA;&#x10D0;&#x10E3;&#x10E0;&#x10D8; ;  &#x10E0;&#x10D4;&#x10D3; : &#x10DA;. &#x10DB;&#x10D0;&#x10E6;&#x10E3;&#x10DA;&#x10D0;&#x10E0;&#x10D8;&#x10D0;.</subfield>
  </datafield>
  <datafield tag="264" ind1=" " ind2=" ">
    <subfield code="a">&#x10D7;&#x10D1;&#x10D8;&#x10DA;&#x10D8;&#x10E1;&#x10D8; :</subfield>
    <subfield code="b">&#x10D2;&#x10D0;&#x10DC;&#x10D0;&#x10D7;&#x10DA;&#x10D4;&#x10D1;&#x10D0;,</subfield>
    <subfield code="c">1979.</subfield>
  </datafield>
  <datafield tag="300" ind1=" " ind2=" ">
    <subfield code="a">319 &#x10D2;&#x10D5; .: </subfield>
    <subfield code="b">&#x10EA;&#x10EE;&#x10E0; ;</subfield>
    <subfield code="c">21&#x10E1;&#x10DB;.</subfield>
  </datafield>
  <datafield tag="653" ind1=" " ind2=" ">
    <subfield code="a">&#x10E2;&#x10D4;&#x10E5;&#x10DC;&#x10D8;&#x10D9;&#x10E3;&#x10E0;&#x10D8; &#x10D7;&#x10D4;&#x10E0;&#x10DB;&#x10DD;&#x10D3;&#x10D8;&#x10DC;&#x10D0;&#x10DB;&#x10D8;&#x10D9;&#x10D0;</subfield>
  </datafield>
  <datafield tag="700" ind1=" " ind2=" ">
    <subfield code="a">&#x10DB;&#x10D0;&#x10E6;&#x10E3;&#x10DA;&#x10D0;&#x10E0;&#x10D8;&#x10D0;, &#x10E0;</subfield>
    <subfield code="e">&#x10E0;&#x10D4;&#x10D3;&#x10D0;&#x10E5;&#x10E2;&#x10DD;&#x10E0;&#x10D8;</subfield>
    <subfield code="9">2728</subfield>
  </datafield>
  <datafield tag="942" ind1=" " ind2=" ">
    <subfield code="c">BK</subfield>
    <subfield code="2">udc</subfield>
  </datafield>
  <datafield tag="952" ind1=" " ind2=" ">
    <subfield code="0">0</subfield>
    <subfield code="1">0</subfield>
    <subfield code="2">udc</subfield>
    <subfield code="4">0</subfield>
    <subfield code="6">62110160758_&#x10D2;66</subfield>
    <subfield code="7">0</subfield>
    <subfield code="9">43022</subfield>
    <subfield code="a">SPL</subfield>
    <subfield code="b">SPL</subfield>
    <subfield code="c">GEN</subfield>
    <subfield code="d">2018-12-17</subfield>
    <subfield code="g">1.00</subfield>
    <subfield code="o">621.1.016(075.8)  &#x10D2;-66</subfield>
    <subfield code="p">10656</subfield>
    <subfield code="r">2018-12-17</subfield>
    <subfield code="t">10656</subfield>
    <subfield code="w">2018-12-17</subfield>
    <subfield code="y">BK</subfield>
    <subfield code="z">1 &#x10DA;. 50 &#x10D7;.</subfield>
  </datafield>
  <datafield tag="952" ind1=" " ind2=" ">
    <subfield code="0">0</subfield>
    <subfield code="1">0</subfield>
    <subfield code="2">udc</subfield>
    <subfield code="4">0</subfield>
    <subfield code="6">62110160758_&#x10D2;66</subfield>
    <subfield code="7">0</subfield>
    <subfield code="9">86523</subfield>
    <subfield code="a">SPL</subfield>
    <subfield code="b">SPL</subfield>
    <subfield code="c">GEN</subfield>
    <subfield code="d">2019-06-21</subfield>
    <subfield code="g">1.00</subfield>
    <subfield code="o">621.1.016(075.8)  &#x10D2;-66</subfield>
    <subfield code="p">10657</subfield>
    <subfield code="r">2019-06-21</subfield>
    <subfield code="t">10657</subfield>
    <subfield code="w">2019-06-21</subfield>
    <subfield code="y">BK</subfield>
    <subfield code="z">1 &#x10DA;. 50 &#x10D7;.</subfield>
  </datafield>
  <datafield tag="952" ind1=" " ind2=" ">
    <subfield code="0">0</subfield>
    <subfield code="1">0</subfield>
    <subfield code="2">udc</subfield>
    <subfield code="4">0</subfield>
    <subfield code="6">62110160758_&#x10D2;66</subfield>
    <subfield code="7">0</subfield>
    <subfield code="9">86524</subfield>
    <subfield code="a">SPL</subfield>
    <subfield code="b">SPL</subfield>
    <subfield code="c">GEN</subfield>
    <subfield code="d">2019-06-21</subfield>
    <subfield code="g">1.00</subfield>
    <subfield code="o">621.1.016(075.8)  &#x10D2;-66</subfield>
    <subfield code="p">10658</subfield>
    <subfield code="r">2019-06-21</subfield>
    <subfield code="t">10658</subfield>
    <subfield code="w">2019-06-21</subfield>
    <subfield code="y">BK</subfield>
    <subfield code="z">1 &#x10DA;. 50 &#x10D7;.</subfield>
  </datafield>
</record>
